| 000 | 00363nam a2200157Ia 4500 | ||
|---|---|---|---|
| 003 | OSt | ||
| 005 | 20240212114825.0 | ||
| 008 | 170524s9999 xx 000 0 und d | ||
| 020 | _a978-0199662470 | ||
| 040 | _cIIMT UNIVERSITY | ||
| 100 | _aHENRY ANTHONY | ||
| 100 | _c2011 | ||
| 245 | 0 | _aUNDERSTANDING STRATEGIC MANAGEMENT | |
| 260 | _aOXFORD | ||
| 942 |
_2ddc _c01 |
||
| 999 |
_c2800 _d2800 |
||